[Event "FIDE TURNIR 2014"]
[Site "Ljubljana"]
[Date "2014.05.14"]
[Round "6.7"]
[White "Kmetic, Val"]
[Black "Siraj, Anej"]
[Result "1-0"]
[WhiteElo "1470"]
[BlackElo "1427"]
[PlyCount "43"]
[EventDate "2014.05.14"]

1. e4 e5 2. Nf3 Nc6 3. Bb5 Bc5 4. O-O d6 5. Nc3 Nf6 6. d4 exd4 7. Nxd4 Bxd4 8.
Qxd4 Qd7 9. Bxc6 bxc6 10. Bg5 Ba6 11. Bxf6 Bxf1 12. Bxg7 Rg8 13. Kxf1 Qg4 14.
Qc4 Qd7 15. Bf6 Rg6 16. e5 Kf8 17. Qh4 Kg8 18. Ne4 Qf5 19. Be7 Rg4 20. Qxg4+
Qxg4 21. Nf6+ Kg7 22. Nxg4 1-0

[Event "FIDE TURNIR 2014"]
[Site "Ljubljana"]
[Date "2014.05.14"]
[Round "6.8"]
[White "Piciga, Aleksander"]
[Black "Markosek, Maj"]
[Result "0-1"]
[WhiteElo "1392"]
[BlackElo "1702"]
[PlyCount "120"]
[EventDate "2014.05.14"]

1. e4 c6 2. d4 d5 3. e5 Bf5 4. Nf3 e6 5. Be2 Nd7 6. O-O Ne7 7. Nbd2 h6 8. Re1
Qc7 9. b3 Bh7 10. Nf1 c5 11. c3 cxd4 12. cxd4 Nc6 13. Bb2 Bb4 14. N1d2 O-O 15.
a3 Be7 16. Rc1 Qb6 17. Nf1 Rfc8 18. Bd3 Bxd3 19. Qxd3 Qa5 20. N1d2 Qb6 21. Rc3
a5 22. Rec1 Na7 23. Rxc8+ Rxc8 24. Rxc8+ Nxc8 25. Nb1 Na7 26. Qc2 Nc6 27. Qd3
Nf8 28. Nbd2 Nh7 29. g3 Nf8 30. Kg2 Nd7 31. Ng1 f5 32. f4 Ndb8 33. Ne2 Na6 34.
Nf3 Nc7 35. Nd2 Kf7 36. Kf2 Qa7 37. Nf3 g6 38. Nc3 Qb6 39. Na4 Qb5 40. Qc2 Qa6
41. Nc3 Kg7 42. Qe2 Qb6 43. Qd1 Kf7 44. Ke3 Ke8 45. Na4 Qa7 46. Nc3 g5 47. Qd3
g4 48. Ne1 Nxd4 49. Nb1 Nxb3+ 50. Ke2 Nc5 51. Qc2 Qa6+ 52. Nd3 Qxd3+ 53. Qxd3
Nxd3 54. Kxd3 Kd7 55. Bc3 b6 56. Bd4 Kc6 57. a4 Bb4 58. Bf2 Na6 59. Nc3 Bxc3
60. Kxc3 Nc5 0-1

[Event "FIDE TURNIR 2014"]
[Site "Ljubljana"]
[Date "2014.05.14"]
[Round "6.9"]
[White "Subelj, Jan"]
[Black "Drobnic, Rok"]
[Result "1-0"]
[WhiteElo "1611"]
[BlackElo "1196"]
[PlyCount "57"]
[EventDate "2014.05.14"]

1. e4 c5 2. Nf3 d6 3. d4 cxd4 4. Nxd4 Nf6 5. Nc3 g6 6. Be2 Bg7 7. Be3 O-O 8.
Qd2 Bd7 9. O-O Nc6 10. f4 Qc7 11. Bf3 Rfc8 12. Rad1 a6 13. Bf2 Rab8 14. Rfe1
Qa5 15. Nxc6 Rxc6 16. e5 Rcc8 17. exf6 Bxf6 18. Nd5 Qxd2 19. Nxf6+ exf6 20.
Rxd2 Bc6 21. Bxc6 Rxc6 22. Re7 Rbc8 23. c3 R8c7 24. Rxc7 Rxc7 25. Rxd6 Re7 26.
Bd4 Kf8 27. Bxf6 Re8 28. Rd8 Rxd8 29. Bxd8 1-0

[Event "FIDE TURNIR 2014"]
[Site "Ljubljana"]
[Date "2014.05.14"]
[Round "6.10"]
[White "Jereb, Lana"]
[Black "Malkoc, Tilen"]
[Result "0-1"]
[WhiteElo "1506"]
[BlackElo "1410"]
[PlyCount "94"]
[EventDate "2014.05.14"]

1. e4 e6 2. d4 d5 3. exd5 exd5 4. Bd3 Bd6 5. Nc3 c6 6. Nf3 Nf6 7. O-O O-O 8. h3
Re8 9. Be3 Nbd7 10. Qd2 Ne4 11. Qd1 Ndf6 12. Re1 Bd7 13. Nd2 Nxc3 14. bxc3 Qa5
15. Nb1 Ne4 16. Bxe4 dxe4 17. c4 Bb4 18. Bd2 Bxd2 19. Qxd2 Qxd2 20. Nxd2 f5 21.
Rab1 b6 22. f4 Be6 23. a3 Bf7 24. Re3 Rab8 25. g4 fxg4 26. hxg4 Re7 27. Rbe1
Rbe8 28. Kf2 Kf8 29. Rxe4 Rxe4 30. Rxe4 Rxe4 31. Nxe4 Bxc4 32. Ke3 Ke7 33. c3
g6 34. g5 Bd5 35. Kd3 Bxe4+ 36. Kxe4 Ke6 37. c4 b5 38. cxb5 cxb5 39. d5+ Kd6
40. Kd4 a5 41. Ke4 b4 42. axb4 axb4 43. Kd4 b3 44. Kc3 Kxd5 45. Kxb3 Ke4 46.
Kc3 Kxf4 47. Kd3 Kxg5 0-1

[Event "FIDE TURNIR 2014"]
[Site "Ljubljana"]
[Date "2014.05.14"]
[Round "6.11"]
[White "Mazzini, Katarina"]
[Black "Lavrih, Domen"]
[Result "0-1"]
[WhiteElo "1213"]
[BlackElo "1439"]
[PlyCount "118"]
[EventDate "2014.05.14"]

1. e4 e6 2. d4 d5 3. Nd2 Nf6 4. e5 Nfd7 5. Ngf3 c5 6. c3 Nc6 7. Be2 Qb6 8. Nb3
c4 9. Nbd2 Be7 10. O-O O-O 11. b3 cxb3 12. Nxb3 f6 13. exf6 Nxf6 14. Bf4 Ne4
15. Qc1 Nxc3 16. Qxc3 Rxf4 17. Qe3 Rf8 18. Rfb1 Qc7 19. Ng5 Bxg5 20. Qxg5 Qf7
21. Bf3 Bd7 22. Qe3 Rac8 23. Nc5 b6 24. Nxd7 Qxd7 25. Bg4 Rf6 26. Re1 Re8 27.
f4 Qd6 28. f5 e5 29. Rad1 e4 30. Qd2 Qb4 31. Qxb4 Nxb4 32. Rb1 Nc2 33. Rf1 Rc8
34. Rbc1 Rc4 35. Rf2 Rfc6 36. Rcf1 Ne3 37. Be2 Rc1 38. Rxc1 Rxc1+ 39. Bf1 Rxf1+
40. Rxf1 Nxf1 41. Kxf1 Kf7 42. Ke2 Kf6 43. g4 Kg5 44. h3 h5 45. Ke3 hxg4 46.
hxg4 Kxg4 47. a3 Kxf5 48. a4 g5 49. Ke2 Kf4 50. Kf2 g4 51. Kf1 Kf3 52. Ke1 g3
53. Kf1 g2+ 54. Kg1 e3 55. a5 e2 56. axb6 e1=Q+ 57. Kh2 g1=B+ 58. Kh1 Qf2 59.
bxa7 Qh2# 0-1

[Event "FIDE TURNIR 2014"]
[Site "Ljubljana"]
[Date "2014.05.14"]
[Round "6.12"]
[White "Mlakar, Matej"]
[Black "Malkoc, Patrik"]
[Result "1-0"]
[WhiteElo "1500"]
[BlackElo "1189"]
[PlyCount "77"]
[EventDate "2014.05.14"]

1. e4 e6 2. d4 d5 3. Nc3 Nf6 4. Bg5 Bb4 5. e5 h6 6. exf6 hxg5 7. fxg7 Rg8 8. h4
gxh4 9. Qh5 Qf6 10. Rxh4 Qxg7 11. Qh6 Qxh6 12. Rxh6 Bxc3+ 13. bxc3 Bd7 14. Nf3
Nc6 15. g3 O-O-O 16. Bb5 Ne7 17. Bxd7+ Rxd7 18. Rd1 Ng6 19. Ng5 Rh8 20. Rxh8+
Nxh8 21. Rd3 Kd8 22. Rf3 a6 23. Rf6 Ke7 24. Rh6 Ng6 25. Nf3 Rd6 26. Kd1 Rb6 27.
Kc1 Rb5 28. Ng5 Kf6 29. Nf3 c5 30. Rh5 b6 31. Nd2 a5 32. a4 Nf4 33. gxf4 cxd4
34. axb5 dxc3 35. Nb1 d4 36. Kd1 Ke7 37. Ke2 f6 38. Kd3 Kd6 39. Kxd4 1-0

[Event "FIDE TURNIR 2014"]
[Site "Ljubljana"]
[Date "2014.05.14"]
[Round "6.13"]
[White "More, Erlend"]
[Black "Adamic, Nejc"]
[Result "1-0"]
[WhiteElo "1693"]
[BlackElo "1500"]
[PlyCount "49"]
[EventDate "2014.05.14"]

1. d4 d5 2. c4 e6 3. a3 Nf6 4. Nc3 Be7 5. Nf3 Nc6 6. e3 O-O 7. cxd5 exd5 8. Bd3
Bg4 9. h3 Bxf3 10. Qxf3 Re8 11. O-O a6 12. b4 b5 13. Bb2 Qd7 14. Bf5 Qd6 15.
Rac1 Reb8 16. Bd3 Nd7 17. Nxd5 a5 18. Rxc6 axb4 19. Rxd6 Bxd6 20. Nxb4 c5 21.
dxc5 Nxc5 22. Bxb5 Nb3 23. Bc4 Nd2 24. Qxf7+ Kh8 25. Qxg7# 1-0

[Event "FIDE TURNIR 2014"]
[Site "Ljubljana"]
[Date "2014.05.14"]
[Round "6.14"]
[White "Novak, Anze"]
[Black "Jelen, Miha"]
[Result "1/2-1/2"]
[WhiteElo "1677"]
[BlackElo "1533"]
[PlyCount "88"]
[EventDate "2014.05.14"]

1. d4 d5 2. c4 e6 3. Nc3 c5 4. cxd5 exd5 5. e3 Nf6 6. Nf3 Nc6 7. g3 Be7 8. Bg2
Be6 9. O-O O-O 10. Re1 h6 11. a3 a5 12. dxc5 Bxc5 13. Nb5 Qb6 14. Nbd4 Bg4 15.
Qd3 Rfe8 16. Nxc6 bxc6 17. Nd2 a4 18. b3 Nd7 19. b4 Be7 20. Bb2 Bf6 21. Bxf6
Nxf6 22. Qd4 Qxd4 23. exd4 Nh7 24. Nf3 Bxf3 25. Bxf3 Ng5 26. Kg2 Rxe1 27. Rxe1
Ne6 28. Rd1 Kf8 29. Bg4 Nc7 30. Be2 Re8 31. Kf1 Ke7 32. Rd2 Kd6 33. Bd1 Nb5 34.
Rd3 Ra8 35. f3 Nc7 36. Kf2 Na6 37. Rd2 Nb8 38. Bc2 Nd7 39. Bd1 Nb6 40. Be2 Nc4
41. Rd3 Re8 42. Bd1 Nb6 43. Rd2 Nc4 44. Rd3 Nb6 1/2-1/2

[Event "FIDE TURNIR 2014"]
[Site "Ljubljana"]
[Date "2014.06.10"]
[Round "6.15"]
[White "Straze, Matija"]
[Black "Vah, Denis"]
[Result "1-0"]
[WhiteElo "1604"]
[BlackElo "1500"]
[PlyCount "73"]
[EventDate "2014.05.14"]

1. e4 e5 2. Nf3 Nc6 3. Bc4 Nf6 4. Ng5 d5 5. exd5 Na5 6. Bb5+ c6 7. dxc6 bxc6 8.
Be2 h6 9. Nf3 e4 10. Ne5 Bd6 11. d4 Qe7 12. Nc4 Nxc4 13. Bxc4 Bg4 14. Be2 Bxe2
15. Qxe2 O-O 16. O-O Rab8 17. b3 c5 18. dxc5 Bxc5 19. Be3 Bd6 20. Nd2 Rfc8 21.
Nc4 Bc7 22. Bxa7 Bxh2+ 23. Kxh2 Qxa7 24. Kg1 Qc7 25. Rfd1 h5 26. Rac1 Ng4 27.
g3 Nf6 28. Nd6 Rd8 29. Nxe4 Re8 30. Nxf6+ gxf6 31. Qxh5 Rbd8 32. Rxd8 Rxd8 33.
Rd1 Re8 34. Qg4+ Kh7 35. Rd7 Qxc2 36. Qh5+ Kg8 37. Qxf7+ 1-0

[Event "FIDE TURNIR 2014"]
[Site "Ljubljana"]
[Date "2014.05.14"]
[Round "6.16"]
[White "Drobnic, Simona"]
[Black "Marn, Jan"]
[Result "0-1"]
[WhiteElo "1412"]
[BlackElo "1335"]
[PlyCount "69"]
[EventDate "2014.05.14"]

1. e4 e5 2. Nf3 Nc6 3. Bb5 a6 4. Ba4 Nf6 5. O-O Be7 6. c3 b5 7. Bc2 d6 8. d4
Bg4 9. d5 Na5 10. h3 Bh5 11. Bg5 h6 12. Bh4 g5 13. Bg3 g4 14. hxg4 Bxg4 15.
Nbd2 Nc4 16. Nxc4 bxc4 17. Re1 h5 18. Bh2 Nh7 19. Re3 Ng5 20. Qe2 Bxf3 21. gxf3
Nh3+ 22. Kf1 Nf4 23. Qd2 Bg5 24. Ree1 Nd3 25. f4 Nxe1 26. Kxe1 Bh6 27. Ba4+ Ke7
28. Bc6 Rb8 29. Bg3 Rg8 30. Qe3 Rxb2 31. Qf3 Bxf4 32. Bh4+ f6 33. Qxh5 Kf8 34.
Qf5 Bg3 35. Bxg3 0-1

[Event "FIDE TURNIR 2014"]
[Site "Ljubljana"]
[Date "2014.05.14"]
[Round "6.17"]
[White "Bajt, Hana"]
[Black "Vujic, Nikola"]
[Result "0-1"]
[WhiteElo "1396"]
[BlackElo "1500"]
[PlyCount "60"]
[EventDate "2014.05.14"]

1. e4 e5 2. Nf3 Nc6 3. Bc4 h6 4. c3 Nf6 5. d3 Bc5 6. b4 Bb6 7. a4 a6 8. Be3
Bxe3 9. fxe3 Ng4 10. Qe2 d6 11. h3 Nf6 12. O-O Qe7 13. Nbd2 Be6 14. Bxe6 Qxe6
15. d4 d5 16. exd5 Nxd5 17. Qd3 O-O 18. Rae1 Nf6 19. Ne4 Nxe4 20. Qxe4 f5 21.
Qc2 e4 22. Nd2 Qg6 23. Rf4 b5 24. a5 Qh5 25. Ref1 Ne7 26. Qb3+ Kh8 27. Nxe4 Ng6
28. Ng3 Qg5 29. Nxf5 Nxf4 30. Rxf4 Rxf5 0-1

[Event "FIDE TURNIR 2014"]
[Site "Ljubljana"]
[Date "2014.05.14"]
[Round "6.18"]
[White "Trplan, Filip"]
[Black "Unuk, Jan"]
[Result "0-1"]
[WhiteElo "1243"]
[BlackElo "1570"]
[PlyCount "42"]
[EventDate "2014.05.14"]

1. e4 e6 2. d4 d5 3. exd5 exd5 4. Bd3 Bd6 5. Ne2 Nf6 6. Bg5 h6 7. Bh4 O-O 8.
O-O Be6 9. Nd2 Nbd7 10. Qc1 c5 11. dxc5 Nxc5 12. Nf3 Nxd3 13. cxd3 Bg4 14. Nfd4
Rc8 15. Qd2 Bc5 16. h3 Bxe2 17. Nxe2 Re8 18. d4 Ne4 19. Bxd8 Nxd2 20. Rfd1 Rxe2
21. Ba5 Nc4 0-1

[Event "FIDE TURNIR 2014"]
[Site "Ljubljana"]
[Date "2014.05.14"]
[Round "6.19"]
[White "Siraj, Vita"]
[Black "Jersic, Aleks"]
[Result "1-0"]
[WhiteElo "1639"]
[BlackElo "1538"]
[PlyCount "37"]
[EventDate "2014.05.14"]

1. e4 c5 2. Nf3 Nc6 3. Nc3 e5 4. Bc4 Nf6 5. Ng5 d5 6. Nxd5 Na5 7. Nxf6+ gxf6 8.
Nxf7 Qe7 9. Nxh8 Nxc4 10. Qh5+ Kd8 11. Nf7+ Kd7 12. Nh6 Qg7 13. Ng4 Kc7 14. Ne3
Nd6 15. d3 Be7 16. Nd5+ Kc6 17. Bh6 Qg8 18. Nxe7+ Kb6 19. Nxg8 1-0

[Event "FIDE TURNIR 2014"]
[Site "Ljubljana"]
[Date "2014.05.14"]
[Round "6.20"]
[White "Paternoster, Darja"]
[Black "Tisler, Janez"]
[Result "0-1"]
[WhiteElo "1513"]
[BlackElo "1589"]
[PlyCount "82"]
[EventDate "2014.05.14"]

1. e4 c5 2. Nf3 Nc6 3. Bb5 a6 4. Bc4 e6 5. Nc3 b5 6. Be2 Nd4 7. O-O Bb7 8. d3
Be7 9. Be3 Nxe2+ 10. Nxe2 Nf6 11. d4 Nxe4 12. Nd2 c4 13. Rc1 Bg5 14. Nxe4 Bxe4
15. Qd2 h6 16. Nc3 d5 17. Nxe4 dxe4 18. Rfe1 Qd5 19. b3 Rc8 20. Qa5 Rc6 21. a4
O-O 22. axb5 Bd8 23. Qc3 axb5 24. Bd2 Bc7 25. Qe3 f5 26. Bb4 Rf6 27. Rcd1 Rg6
28. Qh3 Bd8 29. Re3 f4 30. Ree1 Bf6 31. Bc3 cxb3 32. cxb3 Qxb3 33. Rc1 Qd5 34.
Rcd1 e3 35. Bb2 Rc2 36. Rf1 Rxb2 37. Rd3 Bxd4 38. Kh1 Qc4 39. Rfd1 Qxd3 40. g3
Qxd1+ 41. Kg2 Rxf2# 0-1

[Event "FIDE TURNIR 2014"]
[Site "Ljubljana"]
[Date "2014.05.14"]
[Round "6.21"]
[White "Kmetic, Andrej"]
[Black "Vertacnik, Viktor"]
[Result "1-0"]
[WhiteElo "1397"]
[BlackElo "1600"]
[PlyCount "39"]
[EventDate "2014.05.14"]

1. d4 d5 2. Nf3 Nf6 3. e3 e6 4. Bd3 Be7 5. Ne5 Nbd7 6. f4 c5 7. b3 Qc7 8. Bb2
O-O 9. O-O b6 10. Nd2 Bb7 11. Rf3 h6 12. Rh3 Nxe5 13. fxe5 Nd7 14. Qg4 Kh8 15.
Rf1 f5 16. Qg6 Qc6 17. Rxh6+ gxh6 18. Qxh6+ Kg8 19. Qg6+ Kh8 20. Rf3 1-0

[Event "FIDE TURNIR 2014"]
[Site "Ljubljana"]
[Date "2014.05.14"]
[Round "6.22"]
[White "Koderman, Maj"]
[Black "Kozarski, Aleksander"]
[Result "0-1"]
[WhiteElo "1500"]
[BlackElo "1557"]
[PlyCount "56"]
[EventDate "2014.05.14"]

1. e4 d5 2. exd5 c6 3. Nc3 cxd5 4. Nf3 Nc6 5. d4 Nf6 6. Be3 Bg4 7. Be2 e6 8.
Ne5 Bf5 9. Nxc6 bxc6 10. g4 Bg6 11. h4 h6 12. Bd3 Bd6 13. Bxg6 fxg6 14. Qd3 O-O
15. Qxg6 Qe8 16. Qxe8 Raxe8 17. O-O-O Nxg4 18. Rdf1 Rf3 19. Nd1 Ref8 20. Rhg1
h5 21. Kd2 Kh7 22. Ke2 a6 23. a4 e5 24. c3 e4 25. b4 Rb8 26. Nb2 a5 27. Nd3
axb4 28. cxb4 Bxb4 0-1

[Event "FIDE TURNIR 2014"]
[Site "Ljubljana"]
[Date "2014.05.14"]
[Round "6.23"]
[White "Zupanic Leksan, Uros"]
[Black "Hvala, Inja Ajda"]
[Result "0-1"]
[WhiteElo "1550"]
[BlackElo "1519"]
[PlyCount "38"]
[EventDate "2014.05.14"]

1. e4 e6 2. Bc4 d5 3. exd5 exd5 4. Bb3 Nf6 5. Ba4+ Bd7 6. Qe2+ Be7 7. Nc3 d4 8.
Bxd7+ Qxd7 9. Nb5 a6 10. Na3 O-O 11. d3 Re8 12. Qf3 Bxa3+ 13. Ne2 Bd6 14. Qxb7
Nc6 15. Qb3 Qe7 16. O-O Qxe2 17. Qc4 Ng4 18. Qxc6 Bxh2+ 19. Kh1 Qxf1# 0-1

[Event "FIDE TURNIR 2014"]
[Site "Ljubljana"]
[Date "2014.05.14"]
[Round "6.24"]
[White "Bajt, Ales"]
[Black "Hvala, Arja Ela"]
[Result "1-0"]
[WhiteElo "1292"]
[BlackElo "1538"]
[PlyCount "37"]
[EventDate "2014.05.14"]

1. e4 e6 2. d4 d5 3. Nc3 c5 4. Bb5+ Nc6 5. Nf3 Nge7 6. O-O Ng6 7. e5 Be7 8. Re1
O-O 9. Bxc6 bxc6 10. Ne2 cxd4 11. Nexd4 c5 12. Nc6 Qd7 13. Nxe7+ Qxe7 14. Bg5
Qb7 15. Qc1 d4 16. Bf6 gxf6 17. exf6 Qc6 18. Qh6 Qb7 19. Qg7# 1-0

[Event "FIDE TURNIR 2014"]
[Site "Ljubljana"]
[Date "2014.05.14"]
[Round "6.25"]
[White "Siraj, Svit"]
[Black "Paternoster, Janez"]
[Result "0-1"]
[WhiteElo "1525"]
[BlackElo "1575"]
[PlyCount "34"]
[EventDate "2014.05.14"]

1. e4 c6 2. Nc3 d5 3. exd5 cxd5 4. d4 Nc6 5. Bb5 Nf6 6. Nf3 Bg4 7. Bf4 e6 8. a3
Bd6 9. Bxd6 Qxd6 10. Ne5 Bxd1 11. Rxd1 O-O 12. O-O Nxe5 13. dxe5 Qxe5 14. Rfe1
Qc7 15. Bd3 Ng4 16. Be2 Qxh2+ 17. Kf1 Qh1# 0-1

[Event "FIDE TURNIR 2014"]
[Site "Ljubljana"]
[Date "2014.05.20"]
[Round "6.26"]
[White "Groselj, Kaja"]
[Black "Zaloznik, Vesna"]
[Result "1-0"]
[WhiteElo "1396"]
[BlackElo "1594"]
[PlyCount "61"]
[EventDate "2014.05.14"]

1. e4 e5 2. Nc3 Nf6 3. Bc4 Bc5 4. d3 d6 5. Bg5 h6 6. Bh4 Nc6 7. Nge2 Be6 8. Bb3
g5 9. Bg3 Qd7 10. Qd2 a6 11. O-O-O b5 12. h4 g4 13. Rdf1 O-O-O 14. f4 gxf3 15.
Rxf3 Nh5 16. Bf2 Bxf2 17. Rxf2 Rdf8 18. Rhf1 Bxb3 19. axb3 Ng7 20. Rf6 h5 21.
Nd5 Ne8 22. Rh6 Rhg8 23. Rxh5 Rxg2 24. Qh6 Rfg8 25. Qh7 R8g7 26. Qh8 Rg8 27.
Qh7 Qg4 28. Rxf7 Qxe2 29. Rxc7+ Kb8 30. Rb7+ Ka8 31. Nb6# 1-0

[Event "FIDE TURNIR 2014"]
[Site "Ljubljana"]
[Date "2014.05.20"]
[Round "6.27"]
[White "Zaloznik S., Gal"]
[Black "Varga, Ivan"]
[Result "0-1"]
[WhiteElo "1500"]
[BlackElo "1461"]
[PlyCount "46"]
[EventDate "2014.05.14"]

1. e4 Nc6 2. Bc4 e6 3. Nc3 a6 4. a4 b6 5. d4 h6 6. Nf3 Bb7 7. O-O Nf6 8. e5 Na5
9. exf6 Nxc4 10. fxg7 Bxg7 11. Re1 Rg8 12. b3 Nd6 13. Re3 Nf5 14. Re2 Qf6 15.
Ne4 Qg6 16. g3 Qg4 17. Qd3 h5 18. Bf4 h4 19. Nxh4 Nxh4 20. Bh6 O-O-O 21. Bf4
Nf3+ 22. Kg2 Nxd4 23. Qc3 Nc6 0-1

[Event "FIDE TURNIR 2014"]
[Site "Ljubljana"]
[Date "2014.05.20"]
[Round "6.28"]
[White "Jelen, Anja"]
[Black "Ocepek, Jan"]
[Result "1-0"]
[WhiteElo "1550"]
[BlackElo "1342"]
[PlyCount "39"]
[EventDate "2014.05.14"]

1. e4 c5 2. c4 e5 3. Nf3 Nc6 4. Nc3 Nf6 5. d3 d6 6. Bg5 Be7 7. Nd5 Bg4 8. Nxe7
Qxe7 9. Be2 O-O 10. O-O h6 11. Bh4 a6 12. h3 Bh5 13. Qd2 Rac8 14. Nh2 Bxe2 15.
Qxe2 b5 16. b3 b4 17. a3 a5 18. axb4 axb4 19. Qf3 Nh7 20. Bxe7 1-0

[Event "FIDE TURNIR 2014"]
[Site "Ljubljana"]
[Date "2014.05.28"]
[Round "7.1"]
[White "Mlacnik, Janez"]
[Black "Unuk, Laura"]
[Result "0-1"]
[WhiteElo "1866"]
[BlackElo "2046"]
[PlyCount "76"]
[EventDate "2014.05.28"]

1. e4 e6 2. d4 d5 3. e5 c5 4. Nf3 Nc6 5. Bd3 cxd4 6. O-O Nge7 7. Re1 Ng6 8.
Nbd2 Qc7 9. Nb3 Ngxe5 10. Nxe5 Nxe5 11. Bf4 Bd6 12. Bb5+ Nc6 13. Bxd6 Qxd6 14.
Qxd4 O-O 15. Bxc6 Qxc6 16. Rac1 b6 17. c4 Rd8 18. c5 Ba6 19. Qg4 Bc4 20. Nd4
Qc7 21. b3 Bd3 22. cxb6 Qxb6 23. Nc6 Re8 24. Ne5 Bf5 25. Qg3 f6 26. Nd7 Qd8 27.
Nc5 e5 28. Qe3 d4 29. Qf3 Bg6 30. Na6 e4 31. Qf4 d3 32. Rc6 Rc8 33. Rxc8 Qxc8
34. Nc7 Re5 35. Rc1 e3 36. Qc4+ Bf7 37. Qxd3 e2 38. Qd2 Qxc7 0-1

[Event "FIDE TURNIR 2014"]
[Site "Ljubljana"]
[Date "2014.06.02"]
[Round "7.2"]
[White "Cerkvenik, Simon"]
[Black "Drobnic, Milan"]
[Result "1/2-1/2"]
[WhiteElo "1708"]
[BlackElo "1816"]
[PlyCount "76"]
[EventDate "2014.05.28"]

1. e4 e5 2. Nf3 Nc6 3. Bc4 Bc5 4. O-O Nf6 5. c3 d6 6. d4 exd4 7. cxd4 Bb6 8. d5
Ne5 9. Nxe5 dxe5 10. Nc3 O-O 11. Bg5 h6 12. Bh4 a6 13. Kh1 Qd6 14. Qe2 Bg4 15.
f3 Bh5 16. g4 Bg6 17. f4 Rfe8 18. f5 Bh7 19. Bf2 Bd4 20. Rad1 b5 21. Bb3 Bxf2
22. Rxf2 Rad8 23. h4 h5 24. gxh5 Kf8 25. Rg1 b4 26. Nd1 c6 27. Rfg2 cxd5 28.
Rxg7 Rd7 29. Ba4 dxe4 30. Bxd7 Qxd7 31. Qxa6 Qxf5 32. Qe2 Qh3+ 33. Qh2 Qf3+ 34.
Qg2 Qxh5 35. Rg3 Bg6 36. Ne3 Rd8 37. Qh3 Rd2 38. R1g2 Rd3 1/2-1/2

[Event "FIDE TURNIR 2014"]
[Site "Ljubljana"]
[Date "2014.05.28"]
[Round "7.3"]
[White "Sketa, Mark"]
[Black "Pridigar, Lovro"]
[Result "1-0"]
[WhiteElo "1660"]
[BlackElo "1660"]
[PlyCount "79"]
[EventDate "2014.05.28"]

1. e4 c5 2. Nf3 d6 3. d4 cxd4 4. Nxd4 Nf6 5. Nc3 g6 6. Bc4 Bg7 7. Be3 O-O 8. f3
Nc6 9. Qd2 Bd7 10. O-O-O Ne5 11. Bb3 Qa5 12. Kb1 Rfc8 13. Nd5 Qxd2 14. Bxd2
Nxd5 15. Bxd5 Nc4 16. Bg5 Kf8 17. Bc1 Rab8 18. Ne2 Bb5 19. Nd4 Bd7 20. Ne2 Bb5
21. Nf4 e6 22. Bxc4 Rxc4 23. Rxd6 Rbc8 24. c3 Be5 25. Rdd1 R4c6 26. Nd3 Bg7 27.
Nb4 Rc4 28. Nc2 Ba4 29. Rd3 R4c7 30. Rhd1 Ke8 31. Bg5 f6 32. Bh4 Bb5 33. Rd6 g5
34. Bf2 Bf8 35. R6d2 b6 36. Bg3 e5 37. Ne3 Bd7 38. Nd5 Rc6 39. Nxf6+ Rxf6 40.
Rxd7 1-0

[Event "FIDE TURNIR 2014"]
[Site "Ljubljana"]
[Date "2014.05.28"]
[Round "7.4"]
[White "Unuk, Robert"]
[Black "Kmetic, Val"]
[Result "0-1"]
[WhiteElo "1499"]
[BlackElo "1470"]
[PlyCount "64"]
[EventDate "2014.05.28"]

1. d4 d5 2. c4 e6 3. Nc3 Nf6 4. Nf3 Nbd7 5. Bg5 c6 6. e3 Qa5 7. Bxf6 Nxf6 8.
Nd2 Bb4 9. Qc2 O-O 10. a3 Ne4 11. Ncxe4 dxe4 12. Rd1 Bxd2+ 13. Qxd2 Qxd2+ 14.
Rxd2 Re8 15. Be2 e5 16. d5 c5 17. O-O Kf8 18. b4 b6 19. Rb1 Ke7 20. Bd1 Bd7 21.
bxc5 bxc5 22. Rb7 Kd6 23. h3 f5 24. a4 Re7 25. Rdb2 Bc8 26. R7b5 Ba6 27. Rb8
Rxb8 28. Rxb8 Bxc4 29. g4 f4 30. a5 Bxd5 31. Rd8+ Rd7 32. Ba4 Rxd8 0-1

[Event "FIDE TURNIR 2014"]
[Site "Ljubljana"]
[Date "2014.05.28"]
[Round "7.5"]
[White "Lavrih, Domen"]
[Black "Markosek, Maj"]
[Result "0-1"]
[WhiteElo "1439"]
[BlackElo "1702"]
[PlyCount "98"]
[EventDate "2014.05.28"]

1. e4 c6 2. d4 d5 3. exd5 cxd5 4. c4 e6 5. Nc3 Nf6 6. Nf3 Bb4 7. cxd5 exd5 8.
Bd3 O-O 9. O-O h6 10. Bf4 Bg4 11. h3 Bh5 12. Kh2 Nc6 13. g4 Bg6 14. Bxg6 fxg6
15. Qd3 Nxg4+ 16. hxg4 Rxf4 17. Rg1 Qf6 18. Nxd5 Qd6 19. Nxf4 Qxf4+ 20. Rg3 Bd6
21. Kg2 Rf8 22. Rf1 Qf6 23. Rh3 Rf7 24. Rfh1 Qe6 25. g5 Qg4+ 26. Kf1 Bf4 27.
Qxg6 Ne7 28. Qh5 Qf5 29. gxh6 g5 30. Rg1 Ng6 31. Qg4 Qb5+ 32. Kg2 Rf5 33. Kh1
Kh7 34. Ne5 Qd5+ 35. Rg2 Qe6 36. Nxg6 Qxg6 37. Qf3 Rb5 38. Qd3 Rf5 39. Qe4 b6
40. Rd3 Bd6 41. d5 a6 42. Qe6 Rf6 43. Qe3 Bf4 44. Qh3 Bd6 45. Rd1 b5 46. Qd3
Rf5 47. Re1 g4 48. Re6 Rh5+ 49. Kg1 Qxd3 0-1

[Event "FIDE TURNIR 2014"]
[Site "Ljubljana"]
[Date "2014.05.28"]
[Round "7.6"]
[White "Bogataj, Tomaz"]
[Black "Subelj, Jan"]
[Result "1-0"]
[WhiteElo "1697"]
[BlackElo "1611"]
[PlyCount "87"]
[EventDate "2014.05.28"]

1. d4 d5 2. e3 Nf6 3. c4 Bf5 4. Nc3 e6 5. Nf3 Bb4 6. Qa4+ Nc6 7. Ne5 O-O 8.
Nxc6 Bxc3+ 9. bxc3 bxc6 10. Qxc6 Ne4 11. cxd5 Qxd5 12. Qxd5 exd5 13. c4 c6 14.
f3 Nf6 15. Be2 Rfe8 16. h4 h5 17. Kf2 Rab8 18. Ba3 Rb6 19. Bc5 Rb2 20. Ba3 Rc2
21. Rhc1 Rd2 22. Bb4 Rb2 23. Bc3 Rb7 24. Bd1 Rbe7 25. Bd2 Nh7 26. Bc2 Bxc2 27.
Rxc2 f5 28. g3 Nf8 29. Rb2 Ne6 30. Rab1 Kf7 31. Rb7 Rxb7 32. Rxb7+ Re7 33. Rb3
Kf6 34. a4 g5 35. hxg5+ Nxg5 36. a5 Ne6 37. Rb8 Kf7 38. f4 Kg6 39. Kf3 Kf7 40.
Kg2 Nxd4 41. a6 Ne6 42. Rb7 Nc5 43. Rxe7+ Kxe7 44. Bb4 1-0

[Event "FIDE TURNIR 2014"]
[Site "Ljubljana"]
[Date "2014.05.28"]
[Round "7.7"]
[White "Malkoc, Tilen"]
[Black "Urh, Zala"]
[Result "0-1"]
[WhiteElo "1410"]
[BlackElo "1570"]
[PlyCount "68"]
[EventDate "2014.05.28"]

1. d4 Nf6 2. Nf3 e6 3. c4 Nc6 4. g3 b6 5. Bg2 Bb7 6. O-O Be7 7. Nc3 O-O 8. e4
Ba6 9. e5 Ne8 10. Nd2 Rb8 11. Qg4 f5 12. exf6 Nxf6 13. Qf4 Na5 14. d5 Nxd5 15.
Qd4 Bf6 16. Qd3 Nxc3 17. bxc3 Qe7 18. Re1 Rbd8 19. Bb2 Qc5 20. Bf1 Be7 21. a4
Qxf2+ 22. Kh1 Bb7+ 23. Ne4 Qxb2 24. Bg2 Bxe4 25. Bxe4 Rf2 26. Bxh7+ Kh8 27. Re2
Rxe2 28. Qxe2 Qxe2 29. Rg1 Kxh7 30. Rg2 Qf1+ 31. Rg1 Qf3+ 32. Rg2 Nxc4 33. h3
Ne3 34. h4 Qxg2# 0-1

[Event "FIDE TURNIR 2014"]
[Site "Ljubljana"]
[Date "2014.05.28"]
[Round "7.8"]
[White "Marn, Jan"]
[Black "More, Erlend"]
[Result "1/2-1/2"]
[WhiteElo "1335"]
[BlackElo "1693"]
[PlyCount "88"]
[EventDate "2014.05.28"]

1. e4 Nf6 2. e5 Nd5 3. d4 d6 4. c4 Nb6 5. exd6 exd6 6. Bd3 Nc6 7. Nf3 Bg4 8. d5
Ne5 9. Qe2 Qe7 10. Be3 Nxd3+ 11. Qxd3 f6 12. Nd4 Nd7 13. f4 Nc5 14. Qd2 Qf7 15.
h3 Bd7 16. Nc3 Qg6 17. O-O-O a6 18. f5 Bxf5 19. Nxf5 Qxf5 20. Bxc5 dxc5 21.
Rhe1+ Kf7 22. g4 Qd7 23. g5 Bd6 24. gxf6 gxf6 25. Re6 Rae8 26. Rde1 Be5 27.
R1xe5 fxe5 28. Qf2+ Kg7 29. Qf6+ Kg8 30. Qxe5 Kf7 31. Qf5+ Kg7 32. Rg6+ hxg6
33. Qxd7+ Kh6 34. Ne4 Ref8 35. Qxc7 Rf1+ 36. Kd2 Rhf8 37. d6 R8f4 38. Qxb7 Rh1
39. Ng3 Rd4+ 40. Ke3 Rhd1 41. Qf7 R1d3+ 42. Ke2 Rd2+ 43. Kf3 R2d3+ 44. Kg2 Rd2+
1/2-1/2

[Event "FIDE TURNIR 2014"]
[Site "Ljubljana"]
[Date "2014.05.28"]
[Round "7.9"]
[White "Kaluza, Dominik"]
[Black "Jovanovski, Vangel"]
[Result "0-1"]
[WhiteElo "1564"]
[BlackElo "1668"]
[PlyCount "62"]
[EventDate "2014.05.28"]

1. e4 d5 2. exd5 Qxd5 3. Nc3 Qa5 4. Nf3 Bf5 5. Be2 c6 6. d4 Qc7 7. Be3 Nf6 8.
Qd2 Nbd7 9. Bf4 Qa5 10. Ne4 Qb6 11. Bd3 Nxe4 12. Qc1 Bg6 13. Be3 e6 14. Ne5
Qa5+ 15. c3 Nxe5 16. dxe5 Qxe5 17. O-O Bd6 18. g3 O-O-O 19. Bd4 Qh5 20. Bxg7
Rhg8 21. Bd4 c5 22. Be3 Bxg3 23. fxg3 Rxd3 24. Bf4 e5 25. Bxe5 Qxe5 26. Re1
Rxg3+ 27. Kf1 Rf3+ 28. Kg1 Rf2 29. Qh6 Bh5+ 30. Qg7 Rxg7+ 31. Kh1 Qxh2# 0-1